| 000 | 01845 a2200253 4500 | ||
|---|---|---|---|
| 005 | 20250708090448.0 | ||
| 020 | _a9780702072789 | ||
| 050 | 0 | 0 |
_aRT21 _bBAI 2019 |
| 100 |
_aTaylor, Jayne _eeditor |
||
| 245 | 0 | 0 |
_aBaillir̀ˆe's nurses' dictionary : _bfor nurses and health care workers. _cedited by Jayne Taylor |
| 250 |
_aTwenty-seventh edition _bedited by Barbara F. Weller, BA, MSc, RGN, RSCN, RNT, Independent Nurse Consultant, formerly Editor, Infant (Journal for Neonatal and Paediatric Healthcare Professionals), Nursing Officer, Department of Health and Chief Nursing Advisor, British Red Cross Society, UK ; foreword by Robert J. Pratt, CBE, BA MSc, RN, RNT, DN(Lond), FRCN, Emeritus Professor of Nursing, Richard Wells Research Centre, College of Nursing, Midwifery and Healthcare, University of West London, London, UK. |
||
| 264 | 1 |
_aEdinburgh; _aNew York: _bBaillir̀ˆe Tindall Elsevier, _c2019. |
|
| 300 |
_a556 pages: _billustrations; |
||
| 336 |
_atext _2rdacontent _btxt |
||
| 337 |
_aunmediated _2rdamedia _bn |
||
| 338 |
_avolume _2rdacarrier _bnc |
||
| 504 | _aIncludes bibliographical references. | ||
| 505 | _aNutrition -- Resuscitation -- Medicines and their control -- The legal and professional framework of nursing -- Standards of conduct, performance, and ethics -- Useful addresses -- Degrees, diplomas, and organizations : abbreviations in nursing and health care -- Units of measurement and tables of normal values -- Immunization and vaccinations -- Occupational health and safety -- Nursing on the Internet -- Infection control -- Practice development -- Clinical governance | ||
| 650 | 1 | 2 |
_aMedicine _xEnglish. |
| 650 | 2 | 2 |
_aNursing _xEnglish. |
| 700 | 1 |
_aTaylor, Jayne _eeditor |
|
| 942 |
_2lcc _cREF _eTwenty-seventh edition _h21 _iBAI _kRT |
||
| 999 |
_c11632 _d11632 |
||